Lippincott's Illustrated Review Biochemistry (Record no. 11125)
| 000 -LEADER | |
|---|---|
| fixed length control field | 00240nam a2200109Ia 4500 |
| 100 ## - MAIN ENTRY--AUTHOR NAME | |
| Personal name | Harvey , Richard.A |
| 245 #0 - TITLE STATEMENT | |
| Title | Lippincott's Illustrated Review Biochemistry |
| 250 ## - EDITION STATEMENT | |
| Edition statement | 6th |
| 260 ## - PUBLICATION, DISTRIBUTION, ETC. (IMPRINT) | |
| Year of publication | 2014 |
| 650 ## - SUBJECT ADDED ENTRY--TOPICAL TERM | |
| Topical Term | Biochemistry |
| 942 ## - ADDED ENTRY ELEMENTS (KOHA) | |
| Koha item type | Books |
| Withdrawn status | Lost status | Permanent Location | Current Location | Date acquired | Accession Number | Koha item type |
|---|---|---|---|---|---|---|
| Central Library Main Campus PUMHSW Nawabshah (SBA) | Central Library Main Campus PUMHSW Nawabshah (SBA) | 2019-02-16 | 36727 Ref | Books |